000 00516nam a22001577a 4500
003 OSt
005 20151104153217.0
008 151104b xxu||||| |||| 00| 0 eng d
040 _cRUA
082 _aFOR ឡាំ 1992 B117 Or.1
100 _93357
_aឡាំ វ៉ៃ
245 _aផែនការថ្លៃដើមឈើអារក្នងុស្រុក របស់សហគ្រាសកូឡិចស៊ីម
260 _aPhnom Penh
_bRUA
_c1992
300 _a83p.
_bill.
_c29cm
942 _2ddc
_cFOR
999 _c3132
_d3132